Dějiny českého výtvarného umění-III/2 : 1780/1890

Salvato in:
Dettagli Bibliografici
Natura: Libro
Lingua:ceco
Pubblicazione: Praha : Academia, 2001
Soggetti:
Tags: Aggiungi Tag
Nessun Tag, puoi essere il primo ad aggiungerne!!

MARC

LEADER 00000nam a22000003a 4500
001 stu129406
005 20141122153328.3
008 061109s2001------------------------cze-d
020 |a 80-200-0735-0 
040 |a STU  |b slo 
041 0 |a cze 
245 |a Dějiny českého výtvarného umění-III/2 :  |b 1780/1890 
260 |a Praha :  |b Academia,  |c 2001 
300 |a 407 s 
650 7 |a umenie výtvarné  |2 stusub 
650 7 |a dejiny umenia  |2 stusub 
996 |b 284AU03204  |c A*4894 U  |l AAKNST  |s P  |a 0  |w stu129406_0001